Statistics for 12 Random Official Languages on World Map

Click here to take the quiz!

General Stats

  • This quiz has been taken 3,059 times
  • The average score is 9 of 12

Answers on the Map

Answers color-coded by a green-red scale on the quiz's map according to % correct below.
 

Answer Stats

Language% Correct
Arabic
100%
Chinese
100%
Dutch
100%
English
100%
French
100%
German
100%
Hindustani
(Hindi)
100%
Irish
100%
Italian
100%
Kazakh
100%
Khmer
100%
Korean
100%
Lithuanian
100%
Malay
(Indonesian)
100%
Mongolian
100%
Persian
100%
Polish
100%
Portuguese
100%
Russian
100%
Spanish
100%
Swedish
100%
Japanese
97%
Romanian
(Moldovan)
97%
Danish
96%
Greek
96%
Norwegian
96%
Persian (Tajik)
96%
Romanian
96%
Serbo-Croatian
(Serbian)
95%
Ukrainian
95%
Vietnamese
95%
Hungarian
94%
Turkish
94%
Finnish
93%
Latvian
93%
Romansh
93%
Bulgarian
92%
Georgian
91%
Malay
91%
Hindustani
(Urdu)
90%
Icelandic
90%
Macedonian
90%
Slovak
90%
Somali
90%
Uzbek
89%
Azerbaijani
88%
Estonian
88%
Filipino
88%
Serbo-Croatian
(Croatian)
87%
Belarusian
86%
Slovene
86%
Turkmen
85%
Armenian
84%
Māori
84%
Albanian
83%
Czech
83%
Maltese
83%
Samoan
83%
Swahili
83%
Nepali
82%
Lao
81%
Tamil
81%
Afrikaans
80%
Bengali
80%
Serbo-Croatian
(Bosnian)
80%
Thai
79%
Berber
77%
Burmese
76%
Hebrew
74%
Pashto
73%
Persian (Dari)
73%
Xhosa
73%
Malagasy
71%
Haitian Creole
70%
Serbo-Croatian
(Montenegrin)
70%
Amharic
67%
Quechua
67%
Zulu
65%
Kyrgyz
64%
Gilbertese
63%
Fijian
62%
Maldivian
61%
Nauruan
58%
Palauan
58%
Tswana
57%
Tongan
56%
Dzongkha
54%
Sotho
54%
Luxembourgish
52%
Sinhala
50%
Guaraní
48%
Kirundi
48%
Tok Pisin
48%
Kinyarwanda
47%
Marshallese
46%
Aymara
43%
Southern Ndebele
38%
Tuvaluan
38%
Sango
37%
Seychellois Creole
37%
Shona
36%
Swazi
36%
Tetum
33%
Northern Ndebele
32%
Hindustani
(Fiji Hindi)
29%
Northern Sotho
29%
Bislama
22%
Hiri Motu
19%
Tsonga
19%
Comorian
18%
Venda
17%
Chewa
15%
New Zealand
Sign Language
15%
Catalan
3%

Score Distribution

Percentile by Number Answered

Percent of People with Each Score

Your Score History

You have not taken this quiz